عرض عادي
عرض مارك
- Experimental design.
مدخل مصطلح موضوعي
001 - رقم الضبط
- حقل الضبط: 64873
003 - معرف رقم الضبط
- حقل الضبط: OSt
005 - تاريخ ووقت أخر عملية
- حقل الضبط: 20180921162816.0
008 - عناصر بيانات ثابتة الطول
- حقل تحكم ثابت الطول: 180921|| aca||aabn | a|a d
040 ## - مصدر الفهرسة
- هيئة الفهرسة الأصلية: OSt
- وكالة الكتابة: OSt
150 ## - مدخل-- مصطلح تاريخي
- عنصر مدخل المصطلح الموضوعي او الاسم الجغرافي: Experimental design.
670 ## - بيانات المصدر موجوده
- الاستشهاد بالمصدر: Work cat.: (OSt)42760: Canavos, George C. 64870, An introduction to the design & analysis of experiments /, c2009.
